| 000 | 00989cam a22003255a 4500 | ||
|---|---|---|---|
| 001 | 12149301 | ||
| 005 | 20151109132245.0 | ||
| 008 | 000821s2001 enka frb 001 0 eng d | ||
| 010 | _a 00062760 | ||
| 020 | _a0415238307 | ||
| 020 | _a9780415238304 | ||
| 035 | _a(OCoLC)ocm44914286 | ||
| 040 |
_aDLC _beng _cDLC _dC#P _dUKM _dNLGGC _dBAKER _dUBA _dDLC _dEG-ScBUE |
||
| 082 | 0 | 4 |
_a325.3 _bASH _222 |
| 100 | 1 |
_aAshcroft, Bill, _d1946- _937057 |
|
| 245 | 1 | 0 |
_aPost-colonial transformation / _cBill Ashcroft. |
| 250 | _a1st ed. | ||
| 260 |
_aOxon ; _aNew York : _bRoutledge / Taylor & Francis Group, _c2001. |
||
| 300 |
_a249 p. ; _c23 cm. |
||
| 500 | _aIndex : p. 240-249. | ||
| 504 | _aBibliography : p. 228-239. | ||
| 650 | 0 |
_aPostcolonialism. _2BUEsh |
|
| 650 | 0 |
_aDecolonization. _2BUEsh |
|
| 650 | 0 |
_aSocial change. _2BUEsh |
|
| 650 | 0 |
_aGlobalization. _2BUEsh |
|
| 651 | _2BUEsh | ||
| 653 |
_bBUSBOL _cNovember2015 |
||
| 655 |
_vReading book _934232 |
||
| 942 |
_2ddc _k325.3 ASH |
||
| 999 |
_c21012 _d20984 |
||